000 00568nam a2200229Ia 4500
005 20260320201910.0
008 008 262003s9999 xx 000 0 eng d
037 _aEBOOK
040 _aCRL
040 _beng
040 _cCRL
041 _2eng
041 _aeng
084 _qCRL
100 _aBarker
245 0 _aMalware Analysis Techniques: Tricks for the triage of adversarial software
260 _bIEEE
856 _uhttps://ieeexplore.ieee.org/servlet/opac?bknumber=10162236
942 _cEBOOK
999 _c1724160
_d1724160